| 000 | 01328nam a22003737a 4500 | ||
|---|---|---|---|
| 003 | CHAP | ||
| 005 | 20220817043016.0 | ||
| 008 | 971013s1997 r 00010 d | ||
| 010 | _a62541 | ||
| 011 | _a63513 | ||
| 035 | _a67689 | ||
| 040 | _cCHAP | ||
| 090 | _aTesis | ||
| 100 | 0 | 0 |
_aCaballero García, Abelardo. _916554 |
| 245 | _aAnálisis de ingreso de tecnologías de producción de cebada en el estado de Tlaxcala | ||
| 260 |
_aChapingo, Méx. : _bEl autor, _c1997 |
||
| 300 |
_a61 h. _b: ilus. ; gráfs. _e+ anexos |
||
| 502 | _aTesis (Lic. en Economía Agrícola) -- UACH. Departamento de Economía Agrícola | ||
| 590 |
_aALEPH _b10 _c20130110 _lUCH01 _h1345 |
||
| 590 |
_aBATCH-UPD _b10 _c20130110 _lUCH01 _h0532 |
||
| 590 |
_aBATCH-UPD _b10 _c20130410 _lUCH01 _h0212 |
||
| 590 |
_aBATCH-UPD _b10 _c20130410 _lUCH01 _h1559 |
||
| 590 |
_aBATCH-UPD _b10 _c20130914 _lUCH01 _h0800 |
||
| 590 |
_aCONVERSION _b10 _c20130109 _lUCH01 _h1334 |
||
| 650 | 1 | 4 |
_aAgricultura _xInnovaciones tecnológicas. _91565 |
| 650 | 1 | 4 | _aCebada maltera. |
| 650 | 1 | 4 |
_aCebada _xCostos de producción. _920668 |
| 650 | 1 | 4 |
_aCebada _xRendimiento. _920707 |
| 650 | 1 | 4 |
_aCebada _xTlaxcala. _920712 |
| 901 | _aBK | ||
| 942 | _cFOLL | ||
| 949 |
_bBC _cTES _d-153067 _eTS1 _h31137 _i67689 _si |
||
| 949 |
_bBC _cTES _d33724000635439 _eTS2 _fc.2 _h31138 _i67689 _si |
||
| 999 |
_c62541 _d62541 |
||